[Event "90th GER-ch 2019"]
[Site "Magdeburg"]
[Date "2019.05.26"]
[Round "1.10"]
[White "Polster, Christian"]
[Black "Roseneck, Jonas"]
[Result "1-0"]
[WhiteElo "2236"]
[BlackElo "2403"]
[Annotator "NA RC"]
[PlyCount "93"]
[EventDate "2019.05.26"]
[EventType "tourn"]
[EventCountry "GER"]
[SourceTitle "playchess.com"]
[Source "ChessBase"]
[SourceQuality "1"]
[TimeControl "40/5400+30:1800+30"]

1. c4 {[%emt 0:00:00]} e5 {[%emt 0:00:44]} 2. Nc3 {[%emt 0:00:00]} Nf6 {[%emt 0:00:15]} 3. Nf3 {[%emt 0:00:39]} Nc6 {[%emt 0:00:06]} 4. e3 {[%emt 0:00:25]} Bb4 {[%emt 0:00:19]} 5. Qc2 {[%emt 0:00:57]} Bxc3 {[%emt 0:01:55]} 6. bxc3 {[%emt 0:04:44]} e4 {[%emt 0:06:11]} 7. Nd4 {[%emt 0:01:20]} Ne5 {[%emt 0:02:45]} 8. f4 {[%emt 0:19:41]} exf3 {[%emt 0:24:23]} 9. Nxf3 {[%emt 0:02:50]} Nxf3+ {[%emt 0:05:54]} 10. gxf3 {[%emt 0:00:12]} d5 {[%emt 0:04:36]} 11. d4 {[%emt 0:04:15]} O-O {[%emt 0:03:59]} 12. cxd5 {[%emt 0:08:14]} Qxd5 {[%emt 0:05:40]} 13. Be2 {[%emt 0:10:28]} Bf5 {[%emt 0:04:26]} 14. Qb3 {[%emt 0:03:16]} Rfe8 {[%emt 0:03:15]} 15. Bd2 {[%emt 0:07:50]} Qd8 {[%emt 0:08:28]} 16. e4 {[%emt 0:18:13]} Be6 {[%emt 0:07:32]} 17. Qb5 {[%emt 0:01:37]} h6 {[%emt 0:04:36]} 18. Rg1 {[%emt 0:07:13]} Kh8 {[%emt 0:00:24]} 19. O-O-O {[%emt 0:02:21]} c6 {[%emt 0:04:46]} 20. Qb2 {[%emt 0:00:20]} c5 {[%emt 0:01:17]} 21. Bb5 {[%emt 0:01:20]} Bd7 {[%emt 0:00:52]} 22. dxc5 {[%emt 0:02:59]} Qc7 {[%emt 0:02:15]} 23. Be3 {[%emt 0:01:09]} Bxb5 {[%emt 0:00:22]} 24. Qxb5 {[%emt 0:00:19]} b6 {[%emt 0:00:26]} 25. Rd2 {[%emt 0:01:06]} Rac8 {[%emt 0:02:20]} 26. Bd4 {[%emt 0:00:42]} Re6 {[%emt 0:01:13]} 27. cxb6 {[%emt 0:00:31]} Rxb6 {[%emt 0:02:15]} 28. Bxb6 {[%emt 0:00:28]} Qxc3+ {[%emt 0:00:04]} 29. Kd1 {[%emt 0:00:12]} Qxf3+ {[%emt 0:00:35]} 30. Qe2 {[%emt 0:00:40]} Qc3 {[%emt 0:01:01]} 31. Qg2 {[%emt 0:00:44]} Qc1+ {[%emt 0:01:45]} 32. Ke2 {[%emt 0:00:03]} Qc4+ {[%emt 0:00:02]} 33. Ke3 {[%emt 0:01:01]} Qc3+ {[%emt 0:01:05]} 34. Ke2 {[%emt 0:00:33]} Qc4+ {[%emt 0:00:23]} 35. Rd3 {[%emt 0:00:31]} Nh5 {[%emt 0:00:04]} 36. Be3 {[%emt 0:00:24]} Qc2+ {[%emt 0:01:13]} 37. Rd2 {[%emt 0:00:12]} Qc4+ {[%emt 0:00:00]} 38. Kf2 {[%emt 0:00:15]} Rc6 {[%emt 0:00:03]} 39. Rgd1 {[%emt 0:01:02]} Rg6 {[%emt 0:00:59]} 40. Qh3 {[%emt 0:00:26]} Qxe4 {[%emt 0:00:35]} 41. Qxh5 {[%emt 0:10:08]} Qg2+ {[%emt 0:05:26]} 42. Ke1 {[%emt 0:00:11]} Qh1+ {[%emt 0:00:03]} 43. Ke2 {[%emt 0:00:10]} Qg2+ {[%emt 0:00:04]} 44. Kd3 {[%emt 0:00:20]} Rd6+ {[%emt 0:00:04]} 45. Kc3 {[%emt 0:01:10]} Rc6+ {[%emt 0:00:05]} 46. Kb2 {[%emt 0:00:36]} Qe4 {[%emt 0:00:44]} 47. Qd5 {[%emt 0:01:18]} 1-0

[Event "90th GER-ch 2019"]
[Site "Magdeburg"]
[Date "2019.05.26"]
[Round "1.11"]
[White "Pfreundt, Jakob"]
[Black "Schulz, Karsten"]
[Result "1-0"]
[WhiteElo "2392"]
[BlackElo "2227"]
[Annotator "TA"]
[PlyCount "111"]
[EventDate "2019.05.26"]
[EventType "tourn"]
[EventCountry "GER"]
[SourceTitle "playchess.com"]
[Source "ChessBase"]
[SourceQuality "1"]

{[%evp 22,111,60,62,66,71,68,61,59,46,53,22,26,31,88,85,86,87,88,91,101,88,91,90,132,137,121,129,143,143,143,143,160,155,150,158,152,155,157,131,197,188,204,181,188,188,236,243,225,216,330,278,296,269,275,275,246,263,492,478,444,395,323,218,203,178,124,80,551,528,501,484,477,468,399,0,0,0,0,0,0,0,0,0,592,592,1668,913,29978,29979,29969,29972]} 1. e4 d6 2. d4 Nf6 3. Nc3 e5 4. dxe5 dxe5 5. Qxd8+ Kxd8 6. Bc4 Be6 7. Bxe6 fxe6 8. f3 Nc6 9. Be3 Bd6 10. O-O-O Ke7 11. Nh3 a6 12. Nf2 Rhc8 $146 {B07: Pirc Defence: Miscellaneous Systems} ({Predecessor:} 12... Rad8 13. Ne2 {½-½ (13) Milos,G (2606)-Bachmann,A (2552) Santos 2010}) 13. Nd3 Nd7 14. Rhf1 h6 {White is slightly better.} 15. Ne2 b5 16. f4 exf4 17. Nexf4 Nce5 ({Black should try} 17... Kf7 $14) 18. Nxe5 $16 Nxe5 {[#]} 19. Bd4 $1 {[%cal Rd4e5]} g5 20. Bxe5 $1 gxf4 21. Bxf4 Bxf4+ 22. Rxf4 {[%mdl 4096] Endgame KRR-KRR} Rf8 23. Rdf1 Rxf4 24. Rxf4 {KR-KR} Rg8 25. g3 Rg5 26. b4 c5 27. a3 h5 28. Kd2 cxb4 29. axb4 Rg8 30. Rh4 Rh8 (30... Rg5 $16 31. Ke3 Kf6) 31. e5 $18 Kf7 32. Ke3 Rc8 33. Kd3 ({Resist} 33. Rxh5 $6 Rxc2 34. Rh4 Rb2 $16) 33... Kg6 34. Rf4 Rd8+ 35. Kc3 Rc8+ (35... Re8 $142 36. Rf6+ Kg5) 36. Kb3 Kg7 37. Rf6 Re8 38. h3 Re7 39. g4 hxg4 $2 (39... h4 40. g5 Kg8) 40. hxg4 Re8 41. c3 Re7 42. Rf4 Kg6 43. Rd4 Kg5 44. Rd6 Kxg4 $2 {[%mdl 8192]} (44... Kf4 $16) 45. Rxa6 Kf5 46. Rb6 Kxe5 47. Rxb5+ Kf4 48. Ra5 $2 (48. Rb8 $18) 48... e5 $11 49. c4 {And now b5 would win.} e4 50. b5 {[%cal Bb4b5,Bb5b6,Bb6b7][%mdl 32]} e3 {aiming for ...e2.} 51. Ra1 e2 52. Re1 {Black must now prevent b6.} Re3+ $2 {[%mdl 8192] [#]} (52... Ke3 $1 $11 {and Black has nothing to worry.}) 53. Kb4 $1 $18 Ke4 {intending ...Kd4.} 54. b6 {Strongly threatening b7.} Kd3 55. b7 Re8 56. c5 {Accuracy: White = 76%, Black = 41%.} 1-0

[Event "90th GER-ch 2019"]
[Site "Magdeburg"]
[Date "2019.05.26"]
[Round "1.12"]
[White "Kardoeus, David"]
[Black "Winterberg, Lukas"]
[Result "0-1"]
[WhiteElo "2202"]
[BlackElo "2376"]
[Annotator "NA"]
[PlyCount "45"]
[EventDate "2019.05.26"]
[EventType "tourn"]
[EventCountry "GER"]
[SourceTitle "playchess.com"]
[Source "ChessBase"]
[SourceQuality "1"]
[TimeControl "40/5400+30:1800+30"]

1. e4 {[%emt 0:00:53]} e6 {[%emt 0:00:00]} 2. d4 {[%emt 0:00:45]} d5 {[%emt 0:00:00]} 3. Nd2 {[%emt 0:00:40]} c5 {[%emt 0:00:20]} 4. exd5 {[%emt 0:00:20]} Qxd5 {[%emt 0:00:16]} 5. Ngf3 {[%emt 0:00:14]} cxd4 {[%emt 0:00:13]} 6. Bc4 {[%emt 0:00:15]} Qd7 {[%emt 0:00:10]} 7. O-O {[%emt 0:00:37]} Nc6 {[%emt 0:00:21]} 8. Nb3 {[%emt 0:02:20]} a6 {[%emt 0:00:15]} 9. Nbxd4 {[%emt 0:06:23]} Nxd4 {[%emt 0:00:16]} 10. Nxd4 {[%emt 0:00:31]} Qc7 {[%emt 0:00:17]} 11. Qe2 {[%emt 0:02:56]} Bd6 {[%emt 0:00:28]} 12. Re1 {[%emt 0:31:47]} Ne7 {[%emt 0:00:23]} 13. Bg5 {[%emt 0:11:48]} Ng6 {[%emt 0:08:11]} 14. h4 {[%emt 0:19:29]} O-O {[%emt 0:03:02]} 15. h5 {[%emt 0:01:35]} Nf4 {[%emt 0:10:16]} 16. Bxf4 {[%emt 0:00:32]} Bxf4 {[%emt 0:00:04]} 17. g3 {[%emt 0:01:35]} Bd6 {[%emt 0:10:47]} 18. Rad1 {[%emt 0:10:28]} b5 {[%emt 0:08:02]} 19. Bxe6 {[%emt 0:03:18]} fxe6 {[%emt 0:01:42]} 20. Nxe6 {[%emt 0:00:10]} Qc6 {[%emt 0:01:36]} 21. Qg4 {[%emt 0:02:47]} Rf7 {[%emt 0:01:06]} 22. Re5 {[%emt 0:00:57]} Qxc2 {[%emt 0:08:03]} 23. Red5 0-1

[Event "90th GER-ch 2019"]
[Site "Magdeburg"]
[Date "2019.05.26"]
[Round "1.13"]
[White "Moeller, Dustin"]
[Black "Pajeken, Jakob Leon"]
[Result "1-0"]
[WhiteElo "2156"]
[BlackElo "2359"]
[Annotator "NA"]
[PlyCount "59"]
[EventDate "2019.05.26"]
[EventType "tourn"]
[EventCountry "GER"]
[SourceTitle "playchess.com"]
[Source "ChessBase"]
[SourceQuality "1"]
[TimeControl "40/5400+30:1800+30"]

1. c4 {[%emt 0:00:00]} e6 {[%emt 0:00:00]} 2. d4 {[%emt 0:00:00]} d5 {[%emt 0:00:00]} 3. Nc3 {[%emt 0:00:00]} Nf6 {[%emt 0:00:00]} 4. cxd5 {[%emt 0:00:00]} Nxd5 {[%emt 0:00:00]} 5. e4 {[%emt 0:00:01]} Nxc3 {[%emt 0:00:00]} 6. bxc3 {[%emt 0:00:06]} c5 {[%emt 0:00:05]} 7. Rb1 {[%emt 0:00:08]} Be7 {[%emt 0:00:10]} 8. Nf3 {[%emt 0:00:12]} O-O {[%emt 0:00:49]} 9. Bc4 {[%emt 0:00:06]} b6 {[%emt 0:00:58]} 10. O-O {[%emt 0:00:30]} Nc6 {[%emt 0:02:20]} 11. Be3 {[%emt 0:00:22]} Bb7 {[%emt 0:01:54]} 12. Qe2 {[%emt 0:00:07]} Qc7 {[%emt 0:06:32]} 13. Rfd1 {[%emt 0:00:28]} Rfd8 {[%emt 0:05:11]} 14. d5 {[%emt 0:04:30]} exd5 {[%emt 0:04:38]} 15. Bxd5 {[%emt 0:01:48]} Re8 {[%emt 0:13:50]} 16. Ng5 {[%emt 0:09:44]} Bxg5 {[%emt 0:01:52]} 17. Bxg5 {[%emt 0:00:03]} Qe5 {[%emt 0:02:01]} 18. f4 {[%emt 0:13:37]} Qc7 {[%emt 0:11:34]} 19. Qg4 {[%emt 0:05:41]} Kh8 {[%emt 0:04:45]} 20. Rd3 {[%emt 0:07:16]} Bc8 {[%emt 0:15:58]} 21. Qh4 {[%emt 0:06:52]} c4 {[%emt 0:08:47]} 22. Rg3 {[%emt 0:01:54]} Qd6 {[%emt 0:02:43]} 23. f5 {[%emt 0:07:18]} Bxf5 {[%emt 0:10:22]} 24. Bxc6 {[%emt 0:03:11]} Qxc6 {[%emt 0:00:10]} 25. exf5 {[%emt 0:00:07]} Re4 {[%emt 0:00:07]} 26. Rg4 {[%emt 0:10:51]} Qc5+ {[%emt 0:01:00]} 27. Kh1 {[%emt 0:01:00]} Re2 {[%emt 0:00:17]} 28. Bf6 {[%emt 0:02:48]} Rg8 {[%emt 0:00:59]} 29. Qxh7+ {[%emt 0:00:14]} Kxh7 {[%emt 0:00:03]} 30. Rh4# 1-0

[Event "90th GER-ch 2019"]
[Site "Magdeburg"]
[Date "2019.05.26"]
[Round "1.14"]
[White "Paul, Johannes"]
[Black "Adiyaman, Rene"]
[Result "1-0"]
[WhiteElo "2364"]
[BlackElo "2175"]
[Annotator "NA"]
[PlyCount "107"]
[EventDate "2019.05.26"]
[EventType "tourn"]
[EventCountry "GER"]
[SourceTitle "playchess.com"]
[Source "ChessBase"]
[SourceQuality "1"]
[TimeControl "40/5400+30:1800+30"]

1. d4 d5 2. c4 c6 3. Nf3 Nf6 4. e3 g6 5. Nc3 Bg7 6. Be2 O-O 7. O-O Nbd7 8. cxd5 cxd5 9. Qb3 e6 10. Bd2 Ne4 11. Rfc1 a6 12. Be1 Ndf6 13. a4 Re8 14. a5 Nxc3 15. bxc3 Rb8 16. Bxa6 Qd6 17. Bf1 Nd7 18. Qb4 Bf8 19. Qxd6 Bxd6 20. c4 dxc4 21. Bxc4 Nf6 22. Ne5 Ra8 23. Bb5 Re7 24. Nc4 Bc7 25. Bb4 Rd7 26. Nb6 Bxb6 27. axb6 Rxa1 28. Rxa1 Kg7 29. Bxd7 Bxd7 30. Ra8 Nd5 31. Bc5 Bc6 32. Rc8 Bd7 33. Rd8 Bc6 34. g4 Kf6 35. Rc8 Bd7 36. Rf8 h6 37. h3 Kg7 38. Kh2 Bc6 39. Rc8 Bd7 40. Rd8 Bc6 41. Kg3 Kf6 42. Rc8 Bd7 43. Rf8 Bc6 44. e4 Nc3 45. f3 Ne2+ 46. Kf2 Nf4 47. Rc8 Bb5 48. h4 Ba6 49. Bf8 g5 50. h5 e5 51. d5 Nh3+ 52. Ke3 Ng1 53. Rd8 Nxf3 54. Rd6# 1-0

[Event "90th GER-ch 2019"]
[Site "Magdeburg"]
[Date "2019.05.26"]
[Round "1.15"]
[White "Krastev, Alexander"]
[Black "Guenther, Andreas"]
[Result "1-0"]
[WhiteElo "2344"]
[BlackElo "2121"]
[Annotator "NA RC"]
[PlyCount "127"]
[EventDate "2019.05.26"]
[EventType "tourn"]
[EventCountry "GER"]
[SourceTitle "playchess.com"]
[Source "ChessBase"]
[SourceQuality "1"]
[TimeControl "40/5400+30:1800+30"]

1. Nf3 {[%emt 0:00:00]} f5 {[%emt 0:00:00]} 2. d3 {[%emt 0:00:00]} d6 {[%emt 0:00:56]} 3. e4 {[%emt 0:00:21]} e5 {[%emt 0:00:15]} 4. Nc3 {[%emt 0:08:22]} c5 {[%emt 0:02:12]} 5. g3 {[%emt 0:16:31]} Nc6 {[%emt 0:02:34]} 6. Bg2 {[%emt 0:06:42]} Be7 {[%emt 0:01:21]} 7. Nd5 {[%emt 0:14:10]} Nf6 {[%emt 0:03:05]} 8. c3 {[%emt 0:01:32]} fxe4 {[%emt 0:07:14]} 9. Nxf6+ {[%emt 0:05:08]} Bxf6 {[%emt 0:00:29]} 10. dxe4 {[%emt 0:00:05]} Be6 {[%emt 0:00:54]} 11. Ng5 {[%emt 0:03:33]} Bxg5 {[%emt 0:05:39]} 12. Qh5+ {[%emt 0:00:58]} Bf7 {[%emt 0:01:40]} 13. Qxg5 {[%emt 0:00:06]} Qxg5 {[%emt 0:01:02]} 14. Bxg5 {[%emt 0:00:05]} h6 {[%emt 0:00:15]} 15. Be3 {[%emt 0:00:20]} O-O-O {[%emt 0:05:58]} 16. O-O {[%emt 0:01:12]} Rhf8 {[%emt 0:04:48]} 17. f4 {[%emt 0:05:06]} Be6 {[%emt 0:06:52]} 18. f5 {[%emt 0:01:36]} Bc4 {[%emt 0:01:19]} 19. Rfd1 {[%emt 0:01:49]} Kc7 {[%emt 0:00:50]} 20. Rd2 {[%emt 0:01:07]} Ne7 {[%emt 0:05:41]} 21. g4 {[%emt 0:02:28]} b6 {[%emt 0:02:55]} 22. b3 {[%emt 0:05:40]} Ba6 {[%emt 0:03:30]} 23. h4 {[%emt 0:02:10]} Bb7 {[%emt 0:05:11]} 24. Rad1 {[%emt 0:01:08]} Rd7 {[%emt 0:06:43]} 25. Bf2 {[%emt 0:03:14]} g6 {[%emt 0:06:28]} 26. Bg3 {[%emt 0:03:16]} gxf5 {[%emt 0:02:51]} 27. gxf5 {[%emt 0:02:28]} Rdd8 {[%emt 0:02:38]} 28. Kf2 {[%emt 0:13:37]} Rg8 {[%emt 0:06:44]} 29. Bf3 {[%emt 0:01:03]} Nc6 {[%emt 0:02:51]} 30. h5 {[%emt 0:00:25]} b5 {[%emt 0:01:04]} 31. Bh4 {[%emt 0:00:37]} Rd7 {[%emt 0:00:18]} 32. Ke3 {[%emt 0:00:25]} b4 {[%emt 0:00:18]} 33. cxb4 {[%emt 0:00:06]} cxb4 {[%emt 0:00:13]} 34. Rg2 {[%emt 0:00:45]} Rxg2 {[%emt 0:00:54]} 35. Bxg2 {[%emt 0:00:03]} Nd4 {[%emt 0:00:22]} 36. Bh3 {[%emt 0:00:37]} Rf7 {[%emt 0:02:39]} 37. f6 {[%emt 0:00:36]} Bc6 {[%emt 0:01:27]} 38. Rg1 {[%emt 0:00:23]} Bd7 {[%emt 0:03:57]} 39. Rg7 {[%emt 0:00:14]} Be8 {[%emt 0:00:09]} 40. Rg6 {[%emt 0:00:23]} Rh7 {[%emt 0:00:39]} 41. Bg4 {[%emt 0:04:07]} Bf7 {[%emt 0:02:16]} 42. Kd3 {[%emt 0:04:14]} Ne6 {[%emt 0:03:55]} 43. Bxe6 {[%emt 0:02:46]} Bxe6 {[%emt 0:00:02]} 44. Bf2 {[%emt 0:06:02]} a5 {[%emt 0:06:23]} 45. Be3 {[%emt 0:02:06]} Bf7 {[%emt 0:03:01]} 46. Rg7 {[%emt 0:01:20]} Rxg7 47. fxg7 {[%emt 0:00:07]} Kc6 {[%emt 0:05:00]} 48. Bxh6 {[%emt 0:01:17]} a4 {[%emt 0:02:29]} 49. Kc2 {[%emt 0:04:07]} d5 {[%emt 0:04:12]} 50. exd5+ {[%emt 0:01:44]} Bxd5 {[%emt 0:00:45]} 51. Bd2 {[%emt 0:00:36]} Kb5 {[%emt 0:00:12]} 52. h6 {[%emt 0:00:17]} Bg8 {[%emt 0:00:02]} 53. Kd3 {[%emt 0:00:22]} axb3 {[%emt 0:00:45]} 54. axb3 {[%emt 0:00:05]} Bh7+ {[%emt 0:00:08]} 55. Ke3 {[%emt 0:00:05]} Kc5 {[%emt 0:00:45]} 56. Kf3 {[%emt 0:00:56]} Kd4 {[%emt 0:01:22]} 57. Bxb4 {[%emt 0:00:10]} e4+ {[%emt 0:00:27]} 58. Kf4 {[%emt 0:00:11]} e3 {[%emt 0:00:20]} 59. Kg5 {[%emt 0:00:12]} Ke5 {[%emt 0:00:37]} 60. Bc3+ {[%emt 0:00:33]} Ke6 {[%emt 0:00:04]} 61. b4 {[%emt 0:00:42]} Kf7 {[%emt 0:00:18]} 62. b5 {[%emt 0:00:05]} Kg8 {[%emt 0:00:22]} 63. b6 {[%emt 0:00:22]} Be4 {[%emt 0:00:04]} 64. Kf4 {[%emt 0:00:03]} 1-0

[Event "90th GER-ch 2019"]
[Site "Magdeburg"]
[Date "2019.05.26"]
[Round "1.16"]
[White "Nosek, Reinhard"]
[Black "Svane, Frederik"]
[Result "0-1"]
[WhiteElo "1913"]
[BlackElo "2342"]
[Annotator "NA"]
[PlyCount "80"]
[EventDate "2019.05.26"]
[EventType "tourn"]
[EventCountry "GER"]
[SourceTitle "playchess.com"]
[Source "ChessBase"]
[SourceQuality "1"]
[TimeControl "40/5400+30:1800+30"]

1. d4 {[%emt 0:00:00]} Nf6 {[%emt 0:00:00]} 2. Bg5 {[%emt 0:00:14]} e6 {[%emt 0:02:38]} 3. Nd2 {[%emt 0:00:12]} h6 {[%emt 0:00:19]} 4. Bh4 {[%emt 0:01:16]} c5 {[%emt 0:01:35]} 5. e3 {[%emt 0:01:22]} d5 {[%emt 0:01:03]} 6. Ngf3 {[%emt 0:00:23]} Nc6 {[%emt 0:00:13]} 7. c3 {[%emt 0:01:07]} Qb6 {[%emt 0:13:22]} 8. Qb3 {[%emt 0:14:09]} Bd7 {[%emt 0:19:11]} 9. Bg3 {[%emt 0:00:27]} Qxb3 {[%emt 0:01:21]} 10. axb3 Nh5 11. dxc5 {[%emt 0:05:01]} Nxg3 {[%emt 0:02:03]} 12. hxg3 {[%emt 0:00:41]} Bxc5 {[%emt 0:00:09]} 13. b4 {[%emt 0:00:42]} Bb6 {[%emt 0:10:37]} 14. b5 {[%emt 0:00:33]} Ne7 {[%emt 0:04:43]} 15. g4 {[%emt 0:00:19]} O-O {[%emt 0:08:26]} 16. Bd3 {[%emt 0:03:42]} f6 {[%emt 0:01:10]} 17. e4 {[%emt 0:04:19]} Rad8 {[%emt 0:04:05]} 18. O-O {[%emt 0:08:24]} e5 {[%emt 0:08:30]} 19. exd5 {[%emt 0:02:09]} Nxd5 {[%emt 0:00:07]} 20. c4 {[%emt 0:11:25]} Nb4 {[%emt 0:04:31]} 21. Be4 {[%emt 0:04:14]} Bxg4 {[%emt 0:00:09]} 22. Ra4 {[%emt 0:03:59]} Nd3 {[%emt 0:00:25]} 23. Bd5+ {[%emt 0:07:52]} Kh7 {[%emt 0:01:59]} 24. b4 {[%emt 0:00:10]} f5 {[%emt 0:00:51]} 25. Bxb7 {[%emt 0:07:01]} Bxf3 {[%emt 0:00:06]} 26. Bxf3 {[%emt 0:11:53]} Nb2 {[%emt 0:00:51]} 27. Ra6 {[%emt 0:00:12]} Rxd2 {[%emt 0:02:55]} 28. c5 {[%emt 0:01:19]} e4 {[%emt 0:08:17]} 29. cxb6 {[%emt 0:00:05]} axb6 {[%emt 0:00:04]} 30. Bh5 {[%emt 0:00:14]} Nd3 {[%emt 0:01:23]} 31. Rxb6 {[%emt 0:00:30]} Nf4 {[%emt 0:00:02]} 32. Rd1 {[%emt 0:02:40]} Rb2 {[%emt 0:00:37]} 33. g4 {[%emt 0:00:23]} Nh3+ {[%emt 0:00:22]} 34. Kg2 {[%emt 0:00:14]} Nxf2 {[%emt 0:00:47]} 35. Bg6+ {[%emt 0:00:11]} Kg8 {[%emt 0:00:34]} 36. Rd7 {[%emt 0:00:14]} Nxg4+ {[%emt 0:00:42]} 37. Kg1 {[%emt 0:00:24]} Ne5 {[%emt 0:00:32]} 38. Rc7 {[%emt 0:00:23]} Nf3+ {[%emt 0:00:23]} 39. Kf1 {[%emt 0:00:20]} e3 {[%emt 0:00:21]} 40. Re6 {[%emt 0:00:24]} Rf2# {Bh5} 0-1

[Event "90th GER-ch 2019"]
[Site "Magdeburg"]
[Date "2019.05.27"]
[Round "2.1"]
[White "Winterberg, Lukas"]
[Black "Huschenbeth, Niclas"]
[Result "1/2-1/2"]
[WhiteElo "2376"]
[BlackElo "2603"]
[Annotator "TA"]
[PlyCount "140"]
[EventDate "2019.05.26"]
[EventType "tourn"]
[EventCountry "GER"]
[SourceTitle "playchess.com"]
[Source "ChessBase"]
[SourceQuality "1"]

{[%evp 11,140,10,52,40,28,11,25,17,28,51,35,39,40,16,16,39,62,62,67,-31,0,12,0,0,0,-48,0,-41,0,0,0,0,0,-56,-44,-54,-50,-53,-60,-98,-100,-176,-71,-83,-105,-106,-86,-86,-84,-141,-142,-85,-27,-29,-28,-30,-47,-35,-46,-72,-10,-30,-8,-41,-6,-10,-13,-13,-13,-13,-13,-13,-13,-20,-20,-20,-20,-20,-20,-32,-32,-32,-32,-32,-32,-32,0,0,0,0,0,0,0,0,0,0,0,0,0,0,0,0,0,0,0,0,0,0,0,0,0,0,0,0,0,0,0,0,0,0,0,0,0,0,0,0,0,0,0,0,0]} 1. d4 Nf6 2. c4 e6 3. Nf3 d5 4. Nc3 Bb4 5. Bg5 dxc4 6. e4 b5 7. e5 {D39: Queen's Gambit Declined: Ragozin Defence with 5 Bg5 dxc4} (7. a4 c5 8. axb5 cxd4 9. Nxd4 h6 10. Bxf6 Qxf6 11. Bxc4 O-O 12. O-O Bb7 13. Qa4 a5 14. bxa6 Nxa6 {½-½ (78) Vidit,S (2695)-Duda,J (2738) Wijk aan Zee 2019}) 7... h6 $1 {[%cal Rh6g5]} 8. Bh4 {[%mdl 64] Pin} g5 9. Nxg5 $1 {White has an edge.} hxg5 10. Bxg5 {[%mdl 64] Pin} Nbd7 11. Qf3 {[%mdl 64] Pin} Rb8 12. exf6 Bb7 13. Qe3 a6 $146 ({Predecessor:} 13... Nb6 14. O-O-O Nd5 15. Nxd5 Bxd5 {1-0 (35) Sandhoefner,F (2315)-Handler,L (2401) Austria 2018}) 14. O-O-O Nb6 15. d5 ({White should try} 15. h4 $14) 15... Nxd5 16. Nxd5 Bxd5 17. Be2 c6 18. Bg4 Qa5 19. Kb1 c3 {[#]} (19... Bxg2 20. Bxe6 $1 {[%mdl 512]} Bxh1 21. Bxc4+ Be4+ 22. Qxe4+ Kf8 23. Bxf7 $1 $18 {[%mdl 512]}) 20. Rxd5 $1 {[%mdl 512]} cxd5 {[#]} 21. Bxe6 $1 {[%mdl 512] [#]} c2+ $1 {[%mdl 576] Zwischenzug} (21... fxe6 22. Qxe6+) 22. Kc1 {[#]} (22. Kxc2 $11 Qc7+ {[%mdl 64] Double Attack} 23. Kd1) 22... Bd2+ $1 $15 {[%mdl 512]} 23. Qxd2 Qxd2+ 24. Bxd2 fxe6 {[%mdl 4096] Endgame KRR-KRB} 25. Bc3 Kf7 26. h4 (26. Kxc2 $17 {keeps fighting.} Rbg8 27. g3) 26... Rbe8 (26... Rbc8 $1 $19 {and Black stays clearly on top.} 27. Be5 Rhg8) 27. g4 {[#]} e5 $1 28. Kxc2 Kxf6 29. Kd3 Ke6 30. f4 (30. f3 $142) 30... d4 $17 31. Bd2 {[#]} (31. Bb4 $142) 31... Reg8 (31... exf4 $1 $17 32. Ke4 Kf6+ 33. Kf3 Rc8 34. Bxf4 Rc2 35. g5+ Kg6) 32. g5 $11 exf4 33. Bxf4 Kf5 34. Bd2 Kg4 35. Be1 Re8 (35... Rg6 $17) 36. Kxd4 Re2 37. g6 Kh5 38. Rg1 Rg8 39. Bc3 Rxg6 40. Rxg6 Kxg6 {KR-KB} 41. Kc5 Re6 42. a3 Kf5 43. Kb4 Rh6 44. Ka5 Ke4 45. Bg7 Rg6 46. Bf8 $1 Kd5 47. h5 Rg8 48. Be7 $1 Kc6 49. h6 {The position is equal.} Rh8 50. Bg5 Kb7 51. Be3 Re8 52. Bg5 {Threatens to win with Bf6.} Re2 53. Bf6 {Black must now prevent h7.} Rh2 54. Bg7 Rh4 {[%csl Gb5][%cal Rh4a4]} 55. b3 Rh3 56. Kb4 Kb6 {[%csl Gb6][%cal Ra6a5]} 57. Bd4+ $1 Kc6 {Strongly threatening ...Rh4.} 58. Bg7 Kb6 {[%csl Gb6][%cal Ra6a5]} 59. Bd4+ $1 Kc6 60. Bg7 Rh4+ 61. Ka5 Kb7 62. Bf8 $1 Rh3 63. Bg7 Kc6 64. Kb4 Rh5 65. Ka5 Kb7 66. Kb4 Kb6 {Hoping for ...Rh4+.} 67. Bd4+ $1 Kc6 {And now ...Rh4 would win.} 68. Bg7 Rh4+ 69. Ka5 Kb7 70. Bf8 $1 Rh3 {Accuracy: White = 65%, Black = 62%.} 1/2-1/2

[Event "90th GER-ch 2019"]
[Site "Magdeburg"]
[Date "2019.05.27"]
[Round "2.2"]
[White "Graf, Alexander"]
[Black "Paul, Johannes"]
[Result "1-0"]
[WhiteElo "2572"]
[BlackElo "2364"]
[Annotator "TA"]
[PlyCount "77"]
[EventDate "2019.05.26"]
[EventType "tourn"]
[EventCountry "GER"]
[SourceTitle "playchess.com"]
[Source "ChessBase"]
[SourceQuality "1"]

{[%evp 18,77,21,-12,-3,-24,0,0,10,-12,-18,-45,-43,-41,-2,0,36,-15,93,91,132,109,110,108,104,109,213,210,217,209,235,228,272,263,272,238,256,210,232,175,372,382,373,363,420,409,389,374,579,560,1029,1018,958,628,878,887,29975,29976,29983,29984,29993,29994]} 1. d4 Nf6 2. c4 g6 3. Nf3 Bg7 4. g3 O-O 5. Bg2 d6 6. O-O Nc6 7. Nc3 a6 8. b3 Rb8 9. e3 b5 10. Nd2 Bg4 {E63: King's Indian: Fianchetto: Panno Variation with 7...a6} 11. Bf3 (11. f3 Bd7 12. Qe2 Na5 13. Bb2 e5 14. dxe5 dxe5 15. cxb5 axb5 16. b4 Nb7 17. Nde4 Nxe4 18. Nxe4 {½-½ (63) Karpov,A (2775)-Gelfand,B (2665) Tilburg 1996}) 11... Bxf3 12. Qxf3 Nb4 {The position is equal.} 13. Rb1 c5 $146 ({Predecessor:} 13... Nd3 14. cxb5 axb5 15. b4 Nxc1 16. Rfxc1 Qd7 17. Nb3 Rfc8 18. Rc2 {1-0 (27) Sarkar,J (2297)-Obiamiwe,P (1914) Philadelphia 2018}) 14. dxc5 dxc5 15. Rd1 Qc8 (15... Qa5 $5 {[%cal Rb4d3]} 16. Bb2 Nd3 $11) 16. Bb2 Nd3 17. Ba1 (17. Nd5 $14 Nxd5 18. Bxg7 Kxg7 19. cxd5) 17... Ne5 (17... Ng4 $11 {keeps the balance.}) 18. Qe2 $1 $16 Qc6 19. Nxb5 Ne4 20. Bxe5 Bxe5 21. Nxe4 axb5 (21... Qxe4 $16 22. Na3 Rfd8) 22. Rd5 $18 Bg7 {[#] next ...e6 is good for Black.} 23. f3 $1 ({Stronger than} 23. Nxc5 e6 $11) 23... f5 24. Rxc5 {[%mdl 64] Double Attack} Qd7 25. Nf2 b4 26. Rd5 Qa7 27. Nd3 e6 28. Rd6 Rfd8 $2 {[#]} (28... Rfe8 29. Rc1 Bf8) 29. Rxd8+ $1 {[%mdl 64] Overworked Piece} Rxd8 30. Nxb4 {Threatens to win with Nc6.} Qd7 31. c5 Bc3 32. a3 Qb7 (32... Kf8 $142 33. Na2 Bf6) 33. Rd1 Rb8 34. c6 Qb6 35. Rc1 Bxb4 36. axb4 Qxb4 37. c7 {White mates.} Rc8 {[#]} 38. Qa6 $1 {[%mdl 64] Double Attack} Rxc7 39. Rxc7 {Accuracy: White = 54%, Black = 25%.} 1-0